| 000 | 01211nam0a22003011 4500 | ||
|---|---|---|---|
| 001 | rc\4310742 | ||
| 005 | 20250612044425.0 | ||
| 021 |
_aRU _b[57-34204] |
||
| 035 | _a(NLR Aleph) 008508104 | ||
| 090 |
_a8151767 _c8151767 |
||
| 100 | _a20130416d1957 |||y0rusy50 ca | ||
| 101 | 0 | _arus | |
| 102 | _aRU | ||
| 105 | _aa z ||||| | ||
| 200 | 1 |
_aСлесарь-трубопроводчик П.В. Голошивец _fМ-во строительства предприятий металлургич. и хим. пром-сти СССР. Техн. упр. Центр. бюро техн. информации |
|
| 210 |
_aМосква _cБ. и. _d1957 |
||
| 215 |
_a8 с. _cил. _d22 |
||
| 225 | 1 |
_aНоваторы-строители _fТрест "Коксохиммонтаж" |
|
| 300 | _aСост. указан на 2-й с. обл. | ||
| 606 |
_aСлесарные работы _2psbo |
||
| 606 |
_aТрубопроводы _xПрокладка и монтаж _2psbo |
||
| 700 | 1 |
_aВласенко _bП.Е. _4220 |
|
| 702 | 1 |
_aГолошивец _bП.В. _gПетр Васильевич _4570 |
|
| 801 | 0 |
_aRU _bNLR _gpsbo |
|
| 801 | 1 |
_aRU _bELAR _2rusmarc |
|
| 852 |
_aNLR _j57-6/4358 |
||
| 942 | _cBOOK | ||
| 980 | _aNB | ||